ბათუმის შოთა რუსთაველის სახელმწიფო უნივერსიტეტის ბიბლიოთეკა

Выращивание растении на искусственном освещении (ბიბ.ჩანაწერი № 46358)

000 -LEADER
fixed length control field 00670nam a2200217Ia 4500
001 - CONTROL NUMBER
control field 13194
003 - CONTROL NUMBER IDENTIFIER
control field GE_BSU
008 - FIXED-LENGTH DATA ELEMENTS--GENERAL INFORMATION
fixed length control field 181216s||||||||xx |||||||||||||| ||und||
040 ## - CATALOGING SOURCE
Transcribing agency GE_BSU
080 ## - UNIVERSAL DECIMAL CLASSIFICATION NUMBER
Universal Decimal Classification number 58
100 ## - MAIN ENTRY--PERSONAL NAME
Personal name Мошков,Б.С.
245 ## - TITLE STATEMENT
Title Выращивание растении на искусственном освещении
245 ## - TITLE STATEMENT
Statement of responsibility, etc. Ред.Б.П.Гончаров
260 ## - PUBLICATION, DISTRIBUTION, ETC.
Place of publication, distribution, etc. Москва
260 ## - PUBLICATION, DISTRIBUTION, ETC.
Name of publisher, distributor, etc. Сельхозгиз
260 ## - PUBLICATION, DISTRIBUTION, ETC.
Date of publication, distribution, etc. 1953
300 ## - PHYSICAL DESCRIPTION
Extent 176стр.илл.20см.
300 ## - PHYSICAL DESCRIPTION
Dimensions Библиогр.с.175
653 ## - INDEX TERM--UNCONTROLLED
Uncontrolled term Выращивание растении на искусственном освещении
942 ## - ADDED ENTRY ELEMENTS (KOHA)
Koha item type წიგნი
ეგზემპლარები
Withdrawn status Lost status Damaged status Not for loan Date acquired Barcode Date last seen Price effective from Koha item type
        2018-12-17 20751 2018-12-17 2018-12-17 წიგნი